| 000 | 00520nam a22001937a 4500 | ||
|---|---|---|---|
| 005 | 20140927121610.0 | ||
| 008 | 140927b xxu||||| |||| 00| 0 eng d | ||
| 020 | _c100.00 | ||
| 040 | _aLoreto College | ||
| 041 | _aBengali | ||
| 082 |
_a398.20954 _bMIT |
||
| 100 | _aMitra Majumdar, Dakshina Ranjan | ||
| 245 |
_aBanglar upannas thakur dadar jhuli _cDakshina Ranjan Mitra Majumdar |
||
| 260 |
_aKolkata _bMitra & Ghosh |
||
| 300 |
_a320p. _b23cm. |
||
| 650 | _aFolk Tales-Bengal | ||
| 850 | _aLCLIB | ||
| 942 | _cBK | ||
| 999 |
_c39508 _d89987 |
||